Guidance for local authorities on incentivising landowners to bring forward additional land for rural affordable housing on rural exception sites (Record no. 110296)

MARC details
000 -LEADER
fixed length control field 01629cad a22002535 4500
001 - CONTROL NUMBER
control field L148948
008 - FIXED-LENGTH DATA ELEMENTS--GENERAL INFORMATION
fixed length control field 091202e20091126xxk f 000 0 eng u
020 ## - INTERNATIONAL STANDARD BOOK NUMBER
International Standard Book Number 9781409820413
035 ## - SYSTEM CONTROL NUMBER
System control number (Sirsi) u148948
041 0# - LANGUAGE CODE
Language code of text/sound track or separate title eng
050 ## - LIBRARY OF CONGRESS CALL NUMBER
Classification number 306.1 $2 18
110 1# - MAIN ENTRY--CORPORATE NAME
Corporate name or jurisdiction name as entry element United Kingdom
Subordinate unit Department for Communities and Local Government
9 (RLIN) 4939
245 00 - TITLE STATEMENT
Title Guidance for local authorities on incentivising landowners to bring forward additional land for rural affordable housing on rural exception sites
Medium [electronic resource]
260 ## - PUBLICATION, DISTRIBUTION, ETC.
Place of publication, distribution, etc. London
Name of publisher, distributor, etc. DCLG
Date of publication, distribution, etc. 2009
505 2# - FORMATTED CONTENTS NOTE
Formatted contents note Scope of the consultation -- Summary -- Introduction and background -- Referrals by a landowner -- Landowners retaining an interest in the land -- Case studies -- Annexes
520 ## - SUMMARY, ETC.
Summary, etc. Seeks views of the public on proposals to encourage landlords to bring forward land for affordable social housing in rural areas. This would apply to land identified as a rural exception site as defined in Policy Planning Statement (PPS) 3: Housing. Proposals are to permit landowners, via a referrals system, to allow family members or employees meeting the requirements to occupy houses built on the land sold and/or keep a legal interest in their land.
520 ## - SUMMARY, ETC.
Summary, etc. Deadline for comments is 18 February 2010.
590 ## - LOCAL NOTE (RLIN)
Local note KA
650 24 - SUBJECT ADDED ENTRY--TOPICAL TERM
Topical term or geographic name entry element Affordable housing
9 (RLIN) 6215
651 #4 - SUBJECT ADDED ENTRY--GEOGRAPHIC NAME
Geographic name England
Chronological subdivision 886-
690 ## - LOCAL SUBJECT ADDED ENTRY--TOPICAL TERM (OCLC, RLIN)
Topical term or geographic name as entry element PROPERTY-RESIDENTIAL PROPERTY-DOMESTIC RESIDENTIAL PROPERTY-HOUSING
856 40 - ELECTRONIC LOCATION AND ACCESS
Uniform Resource Identifier <a href="https://www.communities.gov.uk/publications/planningandbuilding/incentivisingconsultation">https://www.communities.gov.uk/publications/planningandbuilding/incentivisingconsultation</a>
Public note View the consultation free of charge at www.communities.gov.uk...
942 ## - ADDED ENTRY ELEMENTS (KOHA)
Suppress in OPAC 0
Holdings
Withdrawn status Lost status Source of classification or shelving scheme Damaged status Not for loan Home library Current library Shelving location Date acquired Total Checkouts Full call number Barcode Date last seen Copy number Price effective from Koha item type
    Dewey Decimal Classification     Virtual Virtual Online 02/12/2009   ONLINE PUBLICATION 148948-2001 06/08/2019 1 06/08/2019 Book